000 00465nam a2200181Ia 4500
001 8019
005 20260306160538.0
008 260306t2003||||xx |||||||||||||| ||spa||
041 _aESP
082 _a370.1
_bB25C
100 _aBarrio Maestre, José María,
_eAUT
245 0 _aCerco a la ciudad :
_buna filosofía de la educación cívica
260 _c2003
300 _a165 páginas :
_c19 cm.
650 _aGEN
654 _aCED
942 _cLIB
_dJUS
_fJUS
_2ddc
_n
999 _c8019
_d8019